000 00221nam a2200097Ia 4500
008 240331s9999 xx 000 0 und d
082 _bRAJ
100 _aRajaperumal,E
245 0 _aWaluppetruvarum valaikkarangam
942 _cL
999 _c4732
_d4732